000 00485nam a22002057a 4500
999 _c11712
_d11712
003 OSt
008 230116b ||||| |||| 00| 0 eng d
020 _a9788126538751
082 _a658.802 MOM
100 _aMORTIMER,Ruth
245 _aMarketing for Dummies
250 _a3rd Ed.
260 _aNew Delhi
_bWiley
_c2013
300 _a400
650 _aMarketing for Dummies
700 _aBROOKS,Greg
700 _aSMITH,Craig
700 _aHIAM,Alexander
942 _2ddc
_cREF